§§ 8-20; § 23 geschgehg; register / (Record no. 13385)

MARC details
000 -LEADER
fixed length control field 01241nam a22003735i 4500
001 - CONTROL NUMBER
control field 21617344
003 - CONTROL NUMBER IDENTIFIER
control field OSt
005 - DATE AND TIME OF LATEST TRANSACTION
control field 20211019150800.0
008 - FIXED-LENGTH DATA ELEMENTS--GENERAL INFORMATION
fixed length control field 200720s2020 mau 000 0 ger
010 ## - LIBRARY OF CONGRESS CONTROL NUMBER
LC control number 2020942598
020 ## - INTERNATIONAL STANDARD BOOK NUMBER
International Standard Book Number 9783110545555
Qualifying information (hardback)
020 ## - INTERNATIONAL STANDARD BOOK NUMBER
Canceled/invalid ISBN 9783110545968
Qualifying information (pdf)
020 ## - INTERNATIONAL STANDARD BOOK NUMBER
Canceled/invalid ISBN 9783110549676
Qualifying information (epub)
040 ## - CATALOGING SOURCE
Original cataloging agency DLC
Language of cataloging eng
Description conventions rda
Transcribing agency HU
042 ## - AUTHENTICATION CODE
Authentication code pcc
100 1# - MAIN ENTRY--PERSONAL NAME
Personal name Pahlow, Louis,
Relator term compiler.
9 (RLIN) 14296
245 10 - TITLE STATEMENT
Title §§ 8-20; § 23 geschgehg; register /
Statement of responsibility, etc. Eva Inés Obergfell, Louis Pahlow, Alexander Peukert, Martin Paul Wassmer, Marc Zain, Eva Inés Obergfell.
250 ## - EDITION STATEMENT
Edition statement 3.
263 ## - PROJECTED PUBLICATION DATE
Projected publication date 2011
264 #1 - PRODUCTION, PUBLICATION, DISTRIBUTION, MANUFACTURE, AND COPYRIGHT NOTICE
Place of production, publication, distribution, manufacture Boston :
Name of producer, publisher, distributor, manufacturer De Gruyter,
Date of production, publication, distribution, manufacture, or copyright notice 2020.
300 ## - PHYSICAL DESCRIPTION
Extent pages cm
336 ## - CONTENT TYPE
Content type term text
Content type code txt
Source rdacontent
337 ## - MEDIA TYPE
Media type term unmediated
Media type code n
Source rdamedia
338 ## - CARRIER TYPE
Carrier type term volume
Carrier type code nc
Source rdacarrier
490 0# - SERIES STATEMENT
Series statement Grosskommentare der praxis
700 1# - ADDED ENTRY--PERSONAL NAME
Personal name Obergfell, Eva Inés,
Relator term editor.
9 (RLIN) 14297
700 1# - ADDED ENTRY--PERSONAL NAME
Personal name Peukert, Alexander,
Relator term compiler.
9 (RLIN) 14298
700 1# - ADDED ENTRY--PERSONAL NAME
Personal name Wassmer, Martin Paul,
Relator term compiler.
9 (RLIN) 14299
700 1# - ADDED ENTRY--PERSONAL NAME
Personal name Zain, Marc,
Relator term compiler.
9 (RLIN) 14300
700 1# - ADDED ENTRY--PERSONAL NAME
Personal name Obergfell, Eva Inés,
Relator term compiler.
9 (RLIN) 14297
906 ## - LOCAL DATA ELEMENT F, LDF (RLIN)
a 0
b ibc
c orignew
d 2
e epcn
f 20
g y-gencatlg
942 ## - ADDED ENTRY ELEMENTS (KOHA)
Source of classification or shelving scheme Dewey Decimal Classification
Koha item type Books like text book referance book
Suppress in OPAC No
Holdings
Withdrawn status Lost status Source of classification or shelving scheme Damaged status Not for loan Collection code Home library Current library Shelving location Date acquired Total Checkouts Full call number Barcode Date last seen Uniform Resource Identifier Price effective from Koha item type
    Dewey Decimal Classification     Non-fiction Wondo Genet Library Wondo Genet Library General Stacks 10/19/2021   540 NEI 1993 WGCFNRL00005678 10/19/2021 1 10/19/2021 Books like text book referance book